12 months in 30 seconds - Statistics

General Stats
  • This quiz has been taken 12,707 times
  • The average score is 10 of 12
Answer Stats
Month % Correct
January
95%
June
91%
July
90%
March
90%
May
90%
April
89%
August
83%
February
82%
September
79%
October
76%
November
72%
December
69%
No matching quizzes found
Score Distribution
Percent of People with Each Score
Percentile by Number Answered
Your Score History
You have not taken this quiz